00985nam a22002297a 450000500170000000800410001702000180005804100080007604400070008408200190009124501480011026001510025830000370040949000550044650400370050165000360053865000390057465000430061365000420065665000270069870000300072520171111020002.0100103s2007 ck ab gr 00110 spa d a9789588343136 aspa ack04a583.0986bL69l00aLibro rojo de plantas de Colombia : bVol. 5 : las magnoliáceas, las miristicáceas y las podocarpáceas / ceditado por Néstor García3 aBogotábInstituto de Investigación de Recursos Biológicos Alexander Von Humboldt : bJardin Botanico de Medellín : bCorantioquia, c2007. a236 p. : bil., mapas ; c22 cm.1 aLibros rojos de especies amenazadas de Colombiav5 aIncluye bibliografía e indice. 4aEspecies en peligroz Colombia. aMagnoliaceasx Cultivoz Colombia. aMiristicáceasx Cultivoz Colombia.. 4aPodocarpáceasx Cultivoz Colombia. aBotánicaz Colombia.1 aGarcía, Néstor, eed.